| 000 | 00742nam a2200229 u 4500 | ||
|---|---|---|---|
| 005 | 20240228064104.0 | ||
| 008 | 121024s1998 r 000 0 eng d | ||
| 020 | _a0590675206 | ||
| 035 | _aUPN01000188019 | ||
| 049 | _aI | ||
| 050 | 4 |
_aPZ76.3 _bS7.4 |
|
| 100 | 1 |
_aStimson, Joan _932983 |
|
| 245 | 1 | 0 |
_aLeón valiente, león miedoso / _cJoan Stimson ; il. Meg Rutherford ; tr. Esther Roehrich-Rubio. |
| 260 |
_aNew York : _bScholastic, _cc1998. |
||
| 300 |
_a[27] p. : _bprincipalmente il. col. |
||
| 534 |
_pTitulo original: _tBrave lion, scared lion |
||
| 650 | 4 |
_aLEONES - _vCUENTOS Y LEYENDAS _910311 |
|
| 650 | 4 |
_aLibros y lectura para niños _92290 |
|
| 700 | 1 |
_aRutherford, Meg, _eil. |
|
| 905 | _aInfantil | ||
| 999 |
_c160122 _d160122 |
||